000 00688nam a22001937a 4500
003 NUST-PNEC
005 20170116180711.0
008 141011b xxu||||| |||| 00| 0 eng d
020 _a0434913782
040 _cPNEC
082 _a621.3815'234 NIE
100 _9543
_aNiewiadomski, Stefan
245 _aFilter handbook: A practical design guide
_cStefan Niewiadomski
260 _aBritain
_bHeinemann Professional Publishing Ltd.
_c1989.
300 _a195 p. :
_bill. :
_c25 cm.
500 _aIncludes Index http://www.amazon.com/Filter-Handbook-Practical-Design-Guide/dp/0434913782/ref=sr_1_1?s=books&ie=UTF8&qid=1413013790&sr=1-1&keywords=0434913782
650 _xME
942 _2ddc
_cBK
999 _c60967
_d60967